| 000 | 00383nam a2200145Ia 4500 | ||
|---|---|---|---|
| 008 | 150201s2004 xx 000 0 und d | ||
| 082 |
_a610.7367 _bM04W |
||
| 100 | _aWHO | ||
| 245 | _aMANAGING COMPLICATIONS IN PREGNANCY AND CHILDBIRTH : A GUIDE FOR MIDWIFERY & DOCTORS | ||
| 250 | _a1ST | ||
| 260 |
_bAITBS _aDELHI _c2004 |
||
| 300 | _aA-23 | ||
| 650 | _aMIDWIVES | ||
| 942 |
_2ddc _cBK |
||
| 999 |
_c2410 _d2410 |
||